Communes de France contenant "Villers" - Statistiques

Statistiques générales
  • Ce quiz a été pris 8 fois
  • Le résultat moyen est 8 sur 107
Statistiques - réponses
Région Code Postal Commune % Correct
57340 Viller
63%
Auvergne-Rhône-Alpes 42460 | 88500 Villers
63%
70110 Villers-la-{Ville}
63%
02600 Villers-{Cotterêts}
50%
62144 Villers-au-{Bois}
38%
51130 Villers-aux-{Bois}
38%
14310 | 80260 Villers-{Bocage}
38%
39120, 39800 Villers-les-{Bois}
38%
14640 Villers-sur-{Mer}
38%
54600 Villers-lès-{Nancy}
25%
25110 Villers-{Saint}-{Martin}
25%
80800 Villers-{Bretonneux}
13%
île-de-France 95510 Villers-en-{Arthies}
13%
27420 Villers-en-{Vexin}
13%
25510 Villers-la-{Combe}
13%
54920 Villers-la-{Montagne}
13%
51510 Villers-le-{Château}
13%
25130 Villers-le-{Lac}
13%
02240 | 51250 | 55500 | 70000 Villers-le-{Sec}
13%
02120 Villers-lès-{Guise}
13%
Hauts-de-France 60870 Villers-{Saint}-{Paul}
13%
08000 Villers-{Semeuse}
13%
62127 Villers-{Sir}-{Simon}
13%
08430 Villers-sur-le-{Mont}
13%
Bourgogne-Franche-Comté 21700 {Magny}-lès-Villers
0%
Grand Est 08450 {Maisoncelle}-et-Villers
0%
Hauts-de-France 02130 Villers-{Agron}-{Aiguizy}
0%
51500 Villers-{Allerand}
0%
62450 Villers-au-{Flos}
0%
59234 Villers-au-{Tertre}
0%
80110 Villers-aux-{Érables}
0%
Grand Est 51500 Villers-aux-{Noeuds}
0%
55800 Villers-aux-{Vents}
0%
70190 Villers-{Bouton}
0%
62690 Villers-{Brûlin}
0%
25170 Villers-{Buzon}
0%
80140 Villers-{Campsart}
0%
14420 Villers-{Canivet}
0%
80200 Villers-{Carbonnel}
0%
62690 Villers-{Châtel}
0%
70700 Villers-{Chemin}-et-{Mont}-lès-{Étrelles}
0%
25530 Villers-{Chief}
0%
55110 Villers-devant-{Dun}
0%
08190 Villers-devant-le-{Thour}
0%
08210 Villers-devant-{Mouzon}
0%
76360 Villers-{Écalles}
0%
Grand Est 51800 Villers-en-{Argonne}
0%
59188 Villers-en-{Cauchies}
0%
54380 Villers-en-{Haye}
0%
39600 Villers-{Farlay}
0%
80240 Villers-{Faucon}
0%
51220 Villers-{Franqueux}
0%
25640 Villers-{Grélot}
0%
59297 Villers-{Guislain}
0%
54870 Villers-la-{Chèvre}
0%
21700 Villers-la-{Faye}
0%
54260 Villers-le-{Rond}
0%
62182 Villers-lès-{Cagnicourt}
0%
70300 Villers-lès-{Luxeuil}
0%
55150 Villers-lès-{Mangiennes}
0%
54760 Villers-lès-{Moivrons}
0%
21130 Villers-les-{Pots}
0%
80700 Villers-lès-{Roye}
0%
08430 Villers-le-{Tilleul}
0%
08430 Villers-le-{Tourneur}
0%
62390 Villers-l'{Hôpital}
0%
51380 Villers-{Marmery}
0%
59142 Villers-{Outréaux}
0%
70190 Villers-{Pater}
0%
21400 Villers-{Patras}
0%
59231 Villers-{Plouich}
0%
59530 Villers-{Pol}
0%
39120 Villers-{Robert}
0%
21130 Villers-{Rotin}
0%
60650 Villers-{Saint}-{Bathélemy}
0%
02590 Villers-{Saint}-{Christophe}
0%
60810 Villers-{Saint}-{Frambourg}-{Ognon}
0%
60620 Villers-{Saint}-{Genest}
0%
60134 Villers-{Saint}-{Sépulcre}
0%
59600 Villers-{Sire}-{Nicole}
0%
80690 Villers-sous-{Ailly}
0%
25270 Villers-sous-{Chalamont}
0%
76340 Villers-sous-{Foucarmont}
0%
55160 Villers-sous-{Pareid}
0%
54700 Villers-sous-{Prény}
0%
60340 Villers-sous-{Saint}-{Leu}
0%
57530 Villers-{Stoncourt}
0%
60650 Villers-sur-{Auchy}
0%
80120 Villers-sur-{Authie}
0%
60860 Villers-sur-{Bonnières}
0%
60150 Villers-sur-{Coudun}
0%
02130 Villers-sur-{Fère}
0%
27940 Villers-sur-le-{Roule}
0%
55220 Villers-sur-{Meuse}
0%
57340 Villers-sur-{Nied}
0%
70170 Villers-sur-{Port}
0%
70400 Villers-sur-{Saulnot}
0%
80500 Villers-{Tournelle}
0%
70120 Villers-{Vaudey}
0%
60380 Villers-{Vermont}
0%
60120 Villers-{Vicomte}
0%
08350 Villeurs-sur-{Bar}
0%
Aucun quiz correspondant
Distribution des résultats
% des personnes avec chaque résultat
Percentile par nombre de réponses
Votre historique - résultats
Vous n’avez pas pris ce quiz